• 首页
  • 本馆介绍
  • 公告通知
  • 最新文献
  • 馆藏检索
  • 电子资源
  • 读者导购
  • 参考咨询
  • 我的图书馆
  • 登录
  • 详细信息显示
  • 放入我的书架
  • 预约/预借图书
  • 作者相关作品
  • 分类相关作品
  • 丛书相关作品
  • 出版社相关作品

书目信息

  • 表格格式
  • 工作单格式
  • 卡片格式
题名:
数字时代银行网点转型
    
 
作者: 高钧 , 胡庆能 著
分册:  
出版信息: 北京   中信出版集团股份有限公司  2020
页数: 22,302页
开本: 23cm
丛书名:
单 册:
中图分类: F830.33-39 , F830.33
科图分类:
主题词: 数字技术--应用--商业银行--商业服务
电子资源:
ISBN: 978-7-5217-1866-9
000 00952nam0 2200277 450
001 2164288953
005 20211116175136.76
010    @a978-7-5217-1866-9@dCNY69.00
035    @a010334613
035    @a(A100000NLC)011016041
049    @aA100000NLC@bUCS01010334613@c011016041@dNLC01
100    @a20210413d2020 em y0chiy0110 ea
101 0  @achi
102    @aCN@b110000
105    @aa z 000yy
200 1  @a数字时代银行网点转型@9shu zi shi dai yin hang wang dian zhuan xing@b专著@f高钧,胡庆能等著
210    @a北京@c中信出版集团股份有限公司@d2020
215    @a22,302页@c图@d23cm
330    @a本书从国内外先进银行的大量实践经验出发,结合数字时代客户需求的变化,提出未来银行网点的应对之策。
606 0  @a数字技术@x应用@x商业银行@x商业服务
690    @aF830.33-39@v5
690    @aF830.33@v4
701  0 @a高钧@9gao jun@c(经济学)@4著
701  0 @a胡庆能@9hu qing neng@4著
801  0 @aCN@b山东中教@c20211112
905    @aZUCC@dF830.33@e15
    
    数字时代银行网点转型/高钧,胡庆能等著.-北京:中信出版集团股份有限公司,2020
    22,302页:图;23cm
    
    
    ISBN 978-7-5217-1866-9:CNY69.00
    本书从国内外先进银行的大量实践经验出发,结合数字时代客户需求的变化,提出未来银行网点的应对之策。
●
相关链接 在五车中查询图书 在当当中查询图书 在豆瓣中查询图书


正题名:数字时代银行网点转型     索取号:F830.33/15         预约/预借

序号 登录号 条形码 馆藏地/架位号 状态 备注
1 2000888691   2000888691   第三书库/ [索取号:F830.33/15] 在馆    
2 2000888692   2000888692   第三书库/ [索取号:F830.33/15] 在馆    
3 2000888693   2000888693   第三书库/ [索取号:F830.33/15] 在馆    
山东省滨州职业学院图书馆 欢迎您!
大连网信软件有限公司© 版权所有